Islamic Microfinance /
Saved in:
| Main Author: | |
|---|---|
| Format: | Unknown |
| Language: | English |
| Published: |
Achen, [Germany] :
RWTH Aachen University,
2004
|
| Tags: |
Add Tag
No Tags, Be the first to tag this record!
|
| LEADER | 008940000a22002290004500 | ||
|---|---|---|---|
| 008 | 140708t2004 gw a g m 000 0 eng u | ||
| 040 | |a UIAM |b eng |e rda | ||
| 084 | |a BPH266 | ||
| 100 | 1 | |a Range, Matthias, |e author | |
| 245 | 1 | 0 | |a Islamic Microfinance / |c by Mathhias Range |
| 264 | 1 | |a Achen, [Germany] : |b RWTH Aachen University, |c 2004 | |
| 300 | |a 92 leaves : |b illustrations ; |c 30 cm. | ||
| 336 | |2 rdacontent |a text | ||
| 337 | |2 rdamedia |a unmediated | ||
| 338 | |2 rdacarrier |a volume | ||
| 500 | |a "A thesis under directions of Prof. Dr. W. Gocht"--On t. p. | ||
| 504 | |a Includes bibliographical references (leaves [77]-81) | ||
| 596 | |a 4 | ||
| 691 | |a Microfinance |x Islamic perspectives | ||
| 900 | |a nan-hj-sar-ros | ||
| 999 | |c 438676 |d 470364 | ||
| 952 | |0 0 |6 TI BPH 266 R36 2004 |7 0 |8 THESES |9 759781 |a IIiBFL |b IIiBFL |c CLOSEACCES |g 275.00 |o ti BPH 266 R36 2004 |p 11100324184 |r 2018-01-30 |t 1 |v 275.00 |y THESIS | ||
